Statistics for England - Wales UEFA Euro 2016

Click here to take the quiz!

General Stats

  • This quiz has been taken 235 times
  • The average score is 20 of 29

Answer Stats

Player% Correct
Gareth Bale ¹
96%
Joe Hart
95%
Harry Kane
88%
Aaron Ramsey
87%
Raheem Sterling
85%
Kyle Walker
84%
Ashley Williams
81%
Jonny Williams
81%
Wayne Rooney
80%
Gary Cahill
79%
Danny Rose
76%
Hal Robson-Kanu
76%
Dele Alli
73%
Eric Dier
73%
Chris Smalling
70%
Roy Hodgson
70%
Joe Allen
68%
Wayne Hennessey
66%
Daniel Sturridge ¹
62%
Ben Davies
60%
Marcus Rashford
60%
Adam Lallana
59%
Chris Coleman
57%
Jamie Vardy ¹
57%
Neil Taylor
55%
Chris Gunter
54%
Joe Ledley
52%
James Chester
44%
David Edwards
23%

Score Distribution

Percentile by Number Answered

Percent of People with Each Score

Your Score History

You have not taken this quiz